|
|
|
|
| LEADER |
00000cac a2200000 i 4500 |
| 001 |
74310 |
| 003 |
Ucuenca |
| 005 |
20231212062551.0 |
| 006 |
a||||gr|||| 001 0 |
| 007 |
ta |
| 008 |
000000t19651965mx aaaagr|||||||1|0 spa|a |
| 999 |
|
|
|c 29958
|d 29958
|
| 040 |
|
|
|b spa
|a UCuenca-cdrjbv
|c UCuenca
|e rda
|
| 041 |
0 |
|
|a spa
|
| 082 |
0 |
|
|a 547.02
|2 22
|c 74310
|
| 100 |
1 |
|
|9 32917
|a Lanuza Escobar, J. A.
|e autor
|
| 245 |
1 |
1 |
|a Prácticas de química orgánica cíclica /
|c J. A. Lanuza Escobar.
|
| 250 |
|
|
|a Primera edición
|
| 264 |
|
1 |
|a México:
|b Union Tipográfica Editorial Hispano-Americana,
|c 1965.
|
| 264 |
|
4 |
|c ©1965
|
| 300 |
|
|
|a vii, 79 páginas:
|b ilu
|c 26 cm
|
| 336 |
|
|
|2 rdacontent
|a texto
|b txt
|
| 337 |
|
|
|2 rdamedia
|a no mediado
|b n
|
| 338 |
|
|
|2 rdacarrier
|a volumen
|b nc
|
| 490 |
|
|
|a Manuales UTEHA,
|v 321/321a
|
| 504 |
|
|
|a incl. ape.
|
| 505 |
1 |
|
|a Lista de experiencias -- Equipo y material -- Organización -- Programa de prácticas -- Catálogo de las principales reacciones correspondientes a los tres grupos de experiencias -- Pesos atómicos internacionales -- Propiedades físicas de los compuestos orgánicos.
|
| 650 |
1 |
0 |
|a Química orgánica
|9 12767
|
| 650 |
1 |
0 |
|a Química orgánica
|9 12767
|
| 852 |
|
|
|a UC-CDJBV
|f Compra
|l 1
|m General
|p 00000000
|r 2
|t 74310
|b 0
|d CDRC
|e CDRC
|g 547.02 SEGUNDO PISO
|z 0000-00-00
|
| 942 |
|
|
|c BK
|2 ddc
|z luis.lescanob@ucuenca.edu.ec
|